guess the movie by letterboxd review - Statistics

General Stats
  • This quiz has been taken 110 times
  • The average score is 5 of 25
Answer Stats
Hint Answer % Correct
"here's to the rats who dream" ratatouille
59%
"guys will say they know a spot and then drive into a tornado" twisters
52%
"would it send my italian exchange student the wrong idea if i showed him this film?" call me by your name
43%
"they always say yee haw but they never ask haw yee😞" brokeback mountain
41%
"do they need a fourth?" challengers
38%
"this is just the fashion version of whiplash" devil wears prada
35%
"a really great who donut film" knives out
31%
"through a biotech miracle, a white guy gets to have dreads" avatar
26%
"tell me you wouldn't cry too if your son grows up to be casey affleck" interstellar
26%
"need me a timothee chalamet to tell me i'm not a career failure at 20" little women
25%
"can't believe cookie cutter white boys and their manic pixie dream teacher got me crying in the club" dead poets society
24%
"easily one of the top 5 movies about taxes" everything everywhere all at once
20%
"is it incest? i still don't know" clueless
19%
"barbie for people who listen to charlie xcx" the substance
16%
"fellas it IS gay" fight club
13%
"maybe the real dad was the friends we made along the way" mamma mia!
11%
"steve carell is lady bird" crazy, stupid, love
10%
"rupaul's drag race all stars for the straights" hunger games: catching fire
10%
"quentin tarantino breaks dawn at the thought that he cannot make a movie this good" twilight
9%
"how did the sharks get in there?" gladiator 2
6%
"little women for my chemical romance fans" nosferatu
5%
"anyway... a movie AND a two hour reminder to take your birth control" hereditary
3%
"this movie is all about the powerlessness of being a brunette" tangled
3%
"when he tells you the exorcist reminds him of you😍" scream
2%
"crazy rich caucasians" ready or not
1%
No matching quizzes found
Score Distribution
Percent of People with Each Score
Percentile by Number Answered
Your Score History
You have not taken this quiz